[Event "Kieler Open 2019-A"]
[Site "Kiel"]
[Date "2019.07.31"]
[Round "7.40"]
[White "Günther, Emil"]
[Black "Buchholz, Ralf"]
[Result "1/2-1/2"]
[WhiteElo "1743"]
[BlackElo "1909"]
[Annotator "ER"]
[PlyCount "63"]
[EventDate "2019.??.??"]
[WhiteTeam "SK Doppelbauer Kiel"]
[BlackTeam "Königsspr Braunschweig"]

1. Nf3 Nf6 2. b3 e6 3. Bb2 d5 4. g3 c5 5. d4 Nc6 6. Bg2 Bd7 7. O-O Be7 8. e3
O-O 9. Nbd2 Rc8 10. c4 cxd4 11. Nxd4 Nxd4 12. Bxd4 b6 13. Rc1 dxc4 14. Nxc4 Bb5
15. Re1 Bb4 16. Bc3 Bxc3 17. Rxc3 Bxc4 18. bxc4 Qxd1 19. Rxd1 Rc7 20. Ra3 Rfc8
21. h3 g6 22. Kf1 Nd7 23. f4 Nc5 24. Ke2 Kf8 25. e4 f6 26. Ke3 Ke7 27. Bf3 e5
28. fxe5 fxe5 29. Rd5 Kf6 30. Rd6+ Ke7 31. Rd5 Kf6 32. Rd6+ 1/2-1/2

[Event "Kieler Open 2019-A"]
[Site "Kiel"]
[Date "2019.07.31"]
[Round "7.41"]
[White "Freiknecht, Axel"]
[Black "Schwerdt, Alwin Elias"]
[Result "1-0"]
[WhiteElo "1733"]
[BlackElo "1756"]
[Annotator "ER"]
[PlyCount "83"]
[EventDate "2019.??.??"]
[WhiteTeam "Bahn-SC Wuppertal"]
[BlackTeam "SV Bad Schwartau"]

1. Nf3 d5 2. c4 d4 3. b4 c5 4. bxc5 Nc6 5. g3 e5 6. d3 Bxc5 7. a3 f5 8. Bg2 Nf6
9. O-O O-O 10. Nbd2 Qe7 11. Nb3 Bb6 12. Qc2 Bd7 13. Rb1 Rab8 14. Nfd2 Rfc8 15.
Nf3 Na5 16. Nxa5 Bxa5 17. Qa2 Bc6 18. Bd2 Bb6 19. Bb4 Bc5 20. Qd2 Bxb4 21. axb4
a6 22. Qg5 Bxf3 23. Bxf3 g6 24. Bg2 Kg7 25. Qd2 Rd8 26. Qa2 e4 27. h3 e3 28. f4
Qe6 29. b5 Nh5 30. Kh2 Qd6 31. Qc2 Rdc8 32. Qa4 g5 33. Qb4 Qc7 34. b6 Qd8 35.
fxg5 Qxg5 36. Qd6 Rd8 37. Qe5+ Kg6 38. g4 fxg4 39. Be4+ Kh6 40. Qe6+ Nf6 41.
Rxf6+ Kh5 42. hxg4+ 1-0

[Event "Kieler Open 2019-A"]
[Site "Kiel"]
[Date "2019.07.31"]
[Round "7.42"]
[White "Marcussen, Claus"]
[Black "Rommeck, Christiane"]
[Result "0-1"]
[WhiteElo "1712"]
[BlackElo "1567"]
[Annotator "ER"]
[PlyCount "44"]
[EventDate "2019.??.??"]
[WhiteTeam "Fredericia Skakforening"]
[BlackTeam "VSF Flintbek"]

1. f4 Nc6 2. Nf3 d6 3. d4 Bf5 4. c3 e6 5. Nbd2 Nf6 6. e3 a6 7. Be2 Be7 8. O-O
O-O 9. Re1 d5 10. Ne5 Nxe5 11. fxe5 Ne4 12. Bf3 f6 13. exf6 Rxf6 14. Nxe4 dxe4
15. Be2 Rh6 16. Rf1 Bd6 17. g3 Qg5 18. Rf2 Bh3 19. Bf1 Bxg3 20. hxg3 Qxg3+ 21.
Rg2 Bxg2 22. Bxg2 Rf8 0-1

[Event "Kieler Open 2019-A"]
[Site "Kiel"]
[Date "2019.07.31"]
[Round "7.43"]
[White "Wenske, Hardy"]
[Black "Samuelson, Bernd"]
[Result "1-0"]
[WhiteElo "1749"]
[BlackElo "1665"]
[Annotator "ER"]
[PlyCount "65"]
[EventDate "2019.??.??"]
[WhiteTeam "Kieler SG"]
[BlackTeam "VSF Flintbek"]

1. Nf3 Nf6 2. d4 e6 3. Bg5 d5 4. Nbd2 Be7 5. e3 O-O 6. Bd3 Nbd7 7. O-O h6 8.
Bf4 c5 9. c3 b6 10. Rc1 Bb7 11. Re1 c4 12. Bb1 b5 13. a3 a5 14. Ne5 Qc8 15. Qc2
b4 16. axb4 axb4 17. Nf1 Bc6 18. Nxd7 Qxd7 19. Be5 Ba4 20. Qe2 Bb3 21. Ng3 Qd8
22. e4 bxc3 23. bxc3 Ba3 24. Bf4 Bxc1 25. Rxc1 Qe7 26. e5 Nh7 27. Qg4 Kh8 28.
h4 Rg8 29. Qh5 f5 30. exf6 Qxf6 31. Be5 Qe7 32. Qg6 Nf8 {(=)} 33. Qxh6+ 1-0

[Event "Kieler Open 2019-A"]
[Site "Kiel"]
[Date "2019.07.31"]
[Round "7.44"]
[White "Inani, Darpan"]
[Black "Friedel, Marcus"]
[Result "1/2-1/2"]
[WhiteElo "1956"]
[BlackElo "2162"]
[Annotator "ER"]
[PlyCount "100"]
[EventDate "2019.??.??"]
[WhiteTeam "Vadodara, Indien"]
[BlackTeam "SK 1926 Ettlingen"]

1. e4 d6 2. d4 Nf6 3. Nc3 e5 4. Nf3 exd4 5. Qxd4 Be7 6. h3 O-O 7. Bc4 Nc6 8.
Qe3 Re8 9. Ng5 Ne5 10. Bb3 h6 11. Nf3 Ned7 12. Bd2 Nc5 13. O-O-O Bf8 14. e5
Nxb3+ 15. axb3 Nd7 16. Rhe1 Nxe5 17. Nxe5 Rxe5 18. Qg3 Rxe1 19. Rxe1 Kh8 20.
Qf3 Kg8 21. Qg3 Kh8 22. Qf3 f6 23. g4 c6 24. h4 Qd7 25. Rg1 d5 26. g5 Qf5 27.
Qg3 h5 28. gxf6 Qxf6 29. f3 Bd6 30. Qg5 Qxg5 31. Rxg5 Bd7 32. Nxd5 Be8 33. Bf4
Rd8 34. Bxd6 Rxd6 35. Nf4 Rf6 36. Nxh5 Bxh5 37. Rxh5+ Kg8 38. Re5 Rxf3 39. Re7
Rf7 40. Re4 Rd7 41. b4 Kf7 42. c3 Kf6 43. Rg4 Kf5 44. Rg5+ Kf6 45. Rg4 Rd5 46.
Kc2 g6 47. Kc1 Kg7 48. Re4 Rd7 49. Kc2 Kh6 50. Re5 Kg7 1/2-1/2

[Event "Kieler Open 2019-A"]
[Site "Kiel"]
[Date "2019.08.01"]
[Round "8.1"]
[White "Melamed, Tatjana"]
[Black "Carlstedt, Jonathan"]
[Result "0-1"]
[WhiteElo "2351"]
[BlackElo "2408"]
[Annotator "PS"]
[PlyCount "120"]
[EventDate "2019.??.??"]
[WhiteTeam "SG Aufbau Elbe Magdeburg"]
[BlackTeam "Hamburger SK von 1830 eV"]

1. e4 e5 2. Nf3 Nc6 3. Bb5 Nge7 4. Nc3 g6 5. d4 exd4 6. Nd5 Bg7 7. Bg5 h6 8.
Bf6 Bxf6 9. Nxf6+ Kf8 10. Nxd4 Nf5 11. Nh7+ Rxh7 12. exf5 Qf6 13. Bxc6 dxc6 14.
O-O Bxf5 15. Nxf5 Qxf5 16. Re1 f6 17. Qd2 Re8 18. Rad1 Rxe1+ 19. Rxe1 Qd7 20.
Qe3 b6 21. g3 a5 22. h4 g5 23. Qf3 Rf7 24. Rd1 Qe6 25. Rd8+ Kg7 26. hxg5 hxg5
27. Qe3 Qxe3 28. fxe3 Re7 29. Kf2 Kf7 30. g4 Ke6 31. Rh8 Ke5 32. Kf3 a4 33. b3
axb3 34. axb3 b5 35. Rh6 c5 36. Ke2 Rd7 37. Rh8 Kd5 38. Rf8 Rd6 39. Kd3 c4+ 40.
bxc4+ Kc5+ 41. Kc3 b4+ 42. Kb3 Re6 43. e4 Kd4 44. Kxb4 Rb6+ 45. Ka5 Kxc4 46.
Rf7 Rc6 47. Rd7 Rc5+ 48. Ka6 Kb4 49. Rf7 Rxc2 50. Rxf6 c5 51. Rb6+ Kc4 52. Rg6
Kd4 53. Rxg5 c4 54. Rd5+ Kxe4 55. Rc5 c3 56. g5 Kd3 57. g6 Rg2 58. Rc6 c2 59.
Kb7 Rg1 60. Rd6+ Ke4 0-1

[Event "Kieler Open 2019-A"]
[Site "Kiel"]
[Date "2019.08.01"]
[Time "18:00:00"]
[Round "8.2"]
[White "Simantsev, Mikhail"]
[Black "Legky, Nikolay A"]
[Result "1/2-1/2"]
[WhiteElo "2346"]
[BlackElo "2397"]
[Annotator "HJH"]
[Annotator "PS"]
[PlyCount "23"]
[WhiteTeam "Charkiw, Ukraine"]
[BlackTeam "Odessa, Ukraine"]

1. d4 Nf6 2. c4 e6 3. Nf3 d5 4. Nc3 Be7 5. Bf4 O-O 6. e3 b6 7. cxd5 Nxd5 8.
Nxd5 Qxd5 9. Bd3 Qa5+ 10. Nd2 Ba6 11. Bxa6 Nxa6 12. O-O 1/2-1/2

[Event "Kieler Open 2019-A"]
[Site "Kiel"]
[Date "2019.08.01"]
[Time "18:00:00"]
[Round "8.3"]
[White "Lanka, Zigurds"]
[Black "Arndt, Magnus"]
[Result "1-0"]
[WhiteElo "2395"]
[BlackElo "2313"]
[Annotator "HJH"]
[Annotator "PS"]
[PlyCount "63"]
[EventDate "2019.??.??"]
[WhiteTeam "SC Viernheim 1934"]
[BlackTeam "SK Doppelbauer Kiel"]

1. e4 e5 2. Nf3 Nc6 3. Bb5 a6 4. Ba4 Nf6 5. O-O Be7 6. Re1 b5 7. Bb3 O-O 8. d3
d6 9. c3 Na5 10. Bc2 c5 11. Nbd2 Re8 12. Nf1 h6 13. Ne3 Bf8 14. h3 Nc6 15. a4
Bb7 16. axb5 axb5 17. Rxa8 Bxa8 18. Nh2 Bb7 19. Nhg4 Bc8 20. Nxf6+ Qxf6 21. f4
exf4 22. Nd5 Qd8 23. Nxf4 g6 24. Bb3 Ne5 25. Bd5 Bg7 26. d4 cxd4 27. cxd4 Nd7
28. Bxf7+ Kxf7 29. Qb3+ Kf6 30. Rf1 Qa5 31. Qe6+ Rxe6 32. Nd5# 1-0

[Event "Kieler Open 2019-A"]
[Site "Kiel"]
[Date "2019.08.01"]
[Round "8.4"]
[White "Franz, Karsten"]
[Black "Schulze, Lara"]
[Result "0-1"]
[WhiteElo "2219"]
[BlackElo "2253"]
[Annotator "PS"]
[PlyCount "74"]
[EventDate "2019.??.??"]
[WhiteTeam "SV Dresden-Leuben"]
[BlackTeam "SK Lehrte von 1919"]

1. e4 e6 2. d3 d5 3. Nd2 c5 4. Ngf3 Nc6 5. g3 Bd6 6. Bg2 Nge7 7. O-O O-O 8. Re1
Qc7 9. c3 Bd7 10. d4 cxd4 11. Nxd4 Nxd4 12. cxd4 Qb6 13. exd5 Nxd5 14. Nc4 Qa6
15. Bxd5 exd5 16. Nxd6 Qxd6 17. Bf4 Qb6 18. Qd2 h5 19. Re5 Qg6 20. Rg5 Qh7 21.
Re1 Rae8 22. Rge5 f6 23. Re7 Qf5 24. h4 Rxe7 25. Rxe7 Re8 26. Rxe8+ Bxe8 27. f3
Qb1+ 28. Qc1 Qxa2 29. Qc8 Qa1+ 30. Bc1 Qa4 31. Be3 Kh7 32. f4 Qd1+ 33. Kf2 Bb5
34. Qc1 Qe2+ 35. Kg1 Bd3 36. b4 Be4 37. Qd2 Qf3 0-1

[Event "Kieler Open 2019-A"]
[Site "Kiel"]
[Date "2019.08.01"]
[Round "8.5"]
[White "Pluska, Alexander"]
[Black "Köllner, Christof"]
[Result "0-1"]
[WhiteElo "2207"]
[BlackElo "2091"]
[Annotator "PS"]
[PlyCount "86"]
[EventDate "2019.??.??"]
[WhiteTeam "SK Doppelbauer Kiel"]
[BlackTeam "SV Bergneustadt/Dersch"]

1. Nf3 d5 2. g3 Nf6 3. Bg2 e6 4. O-O Be7 5. c4 dxc4 6. Na3 Bxa3 7. bxa3 Nc6 8.
Bb2 O-O 9. Rc1 Re8 10. Rxc4 e5 11. Rxc6 bxc6 12. Nxe5 Nd5 13. Qc2 Be6 14. Nxc6
Qd7 15. e4 Nb6 16. d4 Bc4 17. d5 Bxf1 18. Kxf1 f6 19. h4 Nc8 20. e5 fxe5 21.
Be4 h6 22. Bxe5 Nd6 23. Bh7+ Kh8 24. h5 Qh3+ 25. Kg1 Rxe5 26. Nxe5 Qxh5 27. f4
Qf3 28. Qd3 Rb8 29. g4 Qxd3 30. Bxd3 Rb2 31. g5 hxg5 32. fxg5 Kg8 33. g6 Rd2
34. a4 a5 35. Bf1 Rxd5 36. Nc6 Rg5+ 37. Kf2 Ne4+ 38. Ke3 Nc3 39. Kf4 Rc5 40.
Ne5 Nd5+ 41. Ke4 Nf6+ 42. Kf5 Nd7 43. Bc4+ Kf8 0-1

[Event "Kieler Open 2019-A"]
[Site "Kiel"]
[Date "2019.08.01"]
[Round "8.6"]
[White "Wanner, Lukas"]
[Black "Latzke, Boris"]
[Result "1-0"]
[WhiteElo "2085"]
[BlackElo "2212"]
[Annotator "PS"]
[PlyCount "137"]
[EventDate "2019.??.??"]
[WhiteTeam "SK Doppelbauer Kiel"]
[BlackTeam "SK Bebenhausen"]

1. c4 Nf6 2. g3 c6 3. Bg2 d5 4. Nf3 Bg4 5. Ne5 Be6 6. cxd5 Bxd5 7. Nf3 c5 8.
Nc3 Bc6 9. O-O e6 10. d3 Be7 11. e4 Nbd7 12. Qe2 O-O 13. Rd1 e5 14. a4 Re8 15.
Nd2 Bd6 16. Nc4 Bb8 17. Be3 b6 18. Rdb1 Nf8 19. Bh3 Ne6 20. Bxe6 Rxe6 21. b4
cxb4 22. Rxb4 Bd6 23. Rb3 Nd7 24. a5 Bc5 25. axb6 axb6 26. Rxa8 Bxa8 27. Na4
Bxe3 28. Qxe3 b5 29. Rxb5 Bc6 30. Ra5 Bxa4 31. Rxa4 h5 32. d4 Nc5 33. d5 Nxa4
34. dxe6 Qd1+ 35. Kg2 fxe6 36. Nxe5 Qc2 37. Qf3 Nc5 38. Qf7+ Kh7 39. Qxh5+ Kg8
40. Qe8+ Kh7 41. Qg6+ Kg8 42. h4 Qxe4+ 43. Qxe4 Nxe4 44. Kf3 Nf6 45. g4 Nd5 46.
g5 Kh7 47. Nd3 Kg6 48. Kg4 Kf7 49. Ne5+ Ke7 50. Nc4 Kf7 51. Ne3 Nc3 52. h5 Ne4
53. f3 Nf2+ 54. Kg3 Nd3 55. f4 Nc5 56. Kg4 Ne4 57. Nc4 Kf8 58. Ne5 Nd6 59. Kf3
Nf5 60. Ng4 Nd6 61. h6 gxh6 62. gxh6 Nf7 63. Kg3 Ke7 64. Kh4 Nh8 65. Kg5 Kf7
66. Ne5+ Kg8 67. Kf6 Kh7 68. Kxe6 Kxh6 69. Nf7+ 1-0

[Event "Kieler Open 2019-A"]
[Site "Kiel"]
[Date "2019.08.01"]
[Time "18:00:00"]
[Round "8.7"]
[White "Besenthal, Klaus-Günther"]
[Black "Voloshin, Leonid"]
[Result "1/2-1/2"]
[WhiteElo "2070"]
[BlackElo "2376"]
[Annotator "HJH"]
[Annotator "PS"]
[PlyCount "58"]
[EventDate "2019.??.??"]
[WhiteTeam "Schachelschweine"]
[BlackTeam "Speyer-Schwegenheim"]

1. d4 Nf6 2. Bf4 g6 3. Nc3 d5 4. e3 c6 5. Be2 Bg7 6. h4 h5 7. Nf3 Bg4 8. Ne5
Bxe2 9. Qxe2 Qa5 10. O-O O-O 11. a3 Nbd7 12. f3 Qd8 13. Rad1 Rc8 14. b4 Nxe5
15. Bxe5 Nd7 16. Bxg7 Kxg7 17. Qf2 e6 18. e4 Nb6 19. Ne2 Qf6 20. e5 Qe7 21. Nf4
Rh8 22. Rd3 Nc4 23. Rb3 a5 24. Rfb1 axb4 25. axb4 Ra8 26. b5 Na3 27. bxc6 Nxb1
28. Rxb7 Qe8 29. Qg3 Rh6 (29... Rh6 30. Qg5 $18) 1/2-1/2

[Event "Kieler Open 2019-A"]
[Site "Kiel"]
[Date "2019.08.01"]
[Round "8.8"]
[White "Köllner, Ruben Gideon"]
[Black "Rieper, Julian"]
[Result "0-1"]
[WhiteElo "2315"]
[BlackElo "2062"]
[Annotator "PS"]
[PlyCount "86"]
[EventDate "2019.??.??"]
[WhiteTeam "SG Bochum 1931"]
[BlackTeam "SK Doppelbauer Kiel"]

1. d4 Nf6 2. Nf3 c5 3. e3 e6 4. Bd3 b6 5. Nbd2 Bb7 6. b3 Be7 7. Bb2 O-O 8. O-O
d6 9. c4 Nbd7 10. Qe2 Qc7 11. Rfd1 Rfe8 12. a4 a5 13. e4 e5 14. d5 Nh5 15. g3
g6 16. Nf1 Bc8 17. Ne3 Ndf6 18. Ne1 Bf8 19. N1g2 Bh6 20. Rf1 Bh3 21. f3 Re7 22.
Nd1 Rf8 23. Nf2 Qc8 24. Nxh3 Qxh3 25. Rf2 Bg7 26. Re1 Nxg3 27. hxg3 Nh5 28. Qd1
Nxg3 29. Rc2 f5 30. exf5 gxf5 31. Bf1 e4 32. f4 Bxb2 33. Rxb2 e3 34. Rxe3 Rxe3
35. Nxe3 Qh1+ 36. Kf2 Ne4+ 37. Ke1 Qh4+ 38. Ke2 Nc3+ 39. Kd2 Nxd1 40. Kxd1 Qxf4
41. Rg2+ Kh8 42. Kd2 Re8 43. Re2 Qd4+ 0-1

[Event "Kieler Open 2019-A"]
[Site "Kiel"]
[Date "2019.08.01"]
[Round "8.9"]
[White "Braun, Georg"]
[Black "Röhr, Tobias"]
[Result "1-0"]
[WhiteElo "2307"]
[BlackElo "2054"]
[Annotator "PS"]
[PlyCount "77"]
[EventDate "2019.??.??"]
[WhiteTeam "SK Bebenhausen"]
[BlackTeam "SG Aufbau Elbe Magdeburg"]

1. e4 c5 2. Nf3 e6 3. d4 cxd4 4. Nxd4 Nc6 5. Nc3 Qc7 6. g3 a6 7. Bg2 Nf6 8. O-O
d6 9. Re1 Nd7 10. b3 Be7 11. Bb2 O-O 12. Nce2 Nde5 13. c4 Rb8 14. Rc1 Nb4 15.
Nf4 Nxa2 16. Ra1 Nb4 17. Qd2 Nec6 18. Nh5 f6 19. Nf4 Nxd4 20. Bxd4 Nc6 21. Bb2
Ne5 22. Qe2 b5 23. Bh3 f5 24. exf5 bxc4 25. fxe6 Bb7 26. Rec1 Nf3+ 27. Kf1
Nxh2+ 28. Kg1 Nf3+ 29. Kf1 Qb6 30. Rc3 Ne5 31. Rac1 cxb3 32. Rc7 Bc6 33. R1xc6
Nxc6 34. Nd5 Rxf2+ 35. Qxf2 Qb5+ 36. Kg1 Rf8 37. Nxe7+ Nxe7 38. Qe3 Rf6 39.
Rxe7 1-0

[Event "Kieler Open 2019-A"]
[Site "Kiel"]
[Date "2019.08.01"]
[Time "18:00:00"]
[Round "8.10"]
[White "Pick, Stefan"]
[Black "Kaulich, Philipp Theodor"]
[Result "0-1"]
[WhiteElo "2019"]
[BlackElo "2177"]
[Annotator "HJH"]
[Annotator "PS"]
[PlyCount "64"]
[WhiteTeam "SK Kerpen 64"]
[BlackTeam "Kieler SG"]

1. Nf3 f5 2. d3 d6 3. e4 e5 4. Nc3 Nf6 5. Bg5 Be7 6. Be2 Nc6 7. Qd2 O-O 8.
O-O-O Ng4 9. Bxe7 Qxe7 10. Rdf1 Rb8 11. h3 Nf6 12. exf5 Bxf5 13. g4 Be6 14. Ng5
Nd5 15. Nxe6 Qxe6 16. Kb1 Nxc3+ 17. Qxc3 Rf4 18. Bd1 Rbf8 19. Qd2 Nb4 20. b3
Qf6 21. Rh2 a5 22. c3 Nd5 23. Rg2 e4 24. d4 Qh4 25. Rh2 e3 26. Qd3 exf2 27. b4
Kh8 28. b5 Qe7 29. Bc2 g6 30. Qd2 Qe3 31. Kc1 Qg3 32. Rhh1 Ne3 0-1

[Event "Kieler Open 2019-A"]
[Site "Kiel"]
[Date "2019.08.01"]
[Round "8.11"]
[White "Ruhland, Cliff"]
[Black "Horn, Peter"]
[Result "1-0"]
[WhiteElo "1965"]
[BlackElo "2137"]
[Annotator "PS"]
[PlyCount "73"]
[EventDate "2019.??.??"]
[WhiteTeam "Itzehoer SV von 1923"]
[BlackTeam "Concordia Palamedes"]

1. e4 e6 2. d4 d5 3. e5 c5 4. c3 Nc6 5. Nf3 Qb6 6. a3 Nh6 7. b4 cxd4 8. cxd4
Nf5 9. Bb2 Be7 10. Bd3 Bd7 11. Bxf5 exf5 12. Nc3 Be6 13. h4 O-O 14. Qd2 Rfc8
15. O-O h6 16. h5 Qd8 17. Ne1 a6 18. Ne2 Nb8 19. Nd3 Nd7 20. Nc5 b6 21. Nd3 Rc4
22. Bc3 Bf8 23. g3 Rac8 24. Rfc1 g5 25. hxg6 fxg6 26. Ndf4 Qe8 27. Nxe6 Qxe6
28. Bb2 g5 29. f4 Be7 30. Rxc4 Rxc4 31. Qd3 g4 32. Nc3 b5 33. Nd1 Rc8 34. Ne3
Rf8 35. a4 Nb6 36. axb5 axb5 37. Qxb5 1-0

[Event "Kieler Open 2019-A"]
[Site "Kiel"]
[Date "2019.08.01"]
[Round "8.12"]
[White "Callsen, Niklas"]
[Black "Rendboe, John Filip"]
[Result "1/2-1/2"]
[WhiteElo "2033"]
[BlackElo "2136"]
[Annotator "PS"]
[PlyCount "52"]
[EventDate "2019.??.??"]
[WhiteTeam "Flensburger SK von 1876"]
[BlackTeam "Aarhus Skakklub/Skolerne"]

1. e4 c5 2. Nf3 Nc6 3. d4 cxd4 4. Nxd4 e5 5. Nb5 d6 6. c4 a6 7. N5c3 Nf6 8. Be2
Be7 9. Be3 O-O 10. O-O Be6 11. Na3 Rc8 12. f3 Nd7 13. Qd2 Qa5 14. Rfd1 f5 15.
Nc2 f4 16. Bf2 Nf6 17. b4 Qc7 18. Nd5 Bxd5 19. cxd5 Nb8 20. Na3 b5 21. Rac1 Qb7
22. Rxc8 Rxc8 23. Rc1 Rxc1+ 24. Qxc1 Nfd7 25. Bd3 Bd8 26. Qc2 Bb6 1/2-1/2

[Event "Kieler Open 2019-A"]
[Site "Kiel"]
[Date "2019.08.01"]
[Round "8.13"]
[White "Dannehr, Jürgen"]
[Black "Lebeda, Timo"]
[Result "0-1"]
[WhiteElo "1909"]
[BlackElo "2107"]
[Annotator "PS"]
[PlyCount "84"]
[EventDate "2019.??.??"]
[WhiteTeam "SV Gifhorn"]
[BlackTeam "SK Bebenhausen"]

1. d4 d5 2. c4 c6 3. Nf3 Nf6 4. cxd5 cxd5 5. Nc3 Nc6 6. Bf4 Bf5 7. e3 a6 8. Be2
e6 9. O-O Be7 10. Ne5 O-O 11. Rc1 Rc8 12. a3 Nxe5 13. Bxe5 Nd7 14. Bg3 b5 15.
Bd3 Bxd3 16. Qxd3 Nb6 17. Nb1 Qd7 18. Nd2 Nc4 19. Nxc4 bxc4 20. Qc3 Rc6 21. Rc2
Rb6 22. Qd2 Ra8 23. Qc1 Ra7 24. f3 Rab7 25. Be1 Bd6 26. Bc3 Qe7 27. e4 Qh4 28.
g3 Qh5 29. e5 Bc7 30. Rg2 Rb3 31. f4 Bb6 32. g4 Qh3 33. Qe1 Qd3 34. Rd2 Qh3 35.
Qg3 Qh6 36. Kh1 Bd8 37. Rg2 Ba5 38. f5 Bxc3 39. bxc3 Rxa3 40. g5 Qh5 41. fxe6
fxe6 42. Qf4 Rf7 0-1

[Event "Kieler Open 2019-A"]
[Site "Kiel"]
[Date "2019.08.01"]
[Round "8.14"]
[White "Schmidt, Peter"]
[Black "Wunder, Niklas"]
[Result "0-1"]
[WhiteElo "1881"]
[BlackElo "2095"]
[Annotator "PS"]
[PlyCount "46"]
[EventDate "2019.??.??"]
[WhiteTeam "Kieler SG"]
[BlackTeam "Weiler/Allgäu"]

1. e4 e5 2. Nf3 Nc6 3. d4 exd4 4. Bc4 Bc5 5. O-O d6 6. c3 Bg4 7. b4 Bb6 8. Bg5
Nge7 9. Bb5 O-O 10. Bxc6 bxc6 11. cxd4 Bxf3 12. gxf3 h6 13. Be3 a5 14. Qb3 axb4
15. Qxb4 Ra5 16. Nd2 Ng6 17. Rfc1 Rh5 18. Nc4 c5 19. dxc5 Bxc5 20. Bxc5 dxc5
21. Qb2 Qg5+ 22. Kf1 Nf4 23. Ne3 Rxh2 0-1

[Event "Kieler Open 2019-A"]
[Site "Kiel"]
[Date "2019.08.01"]
[Round "8.15"]
[White "Kröncke, Manfred"]
[Black "Boyens, Birger"]
[Result "1-0"]
[WhiteElo "2047"]
[BlackElo "1918"]
[Annotator "PS"]
[PlyCount "77"]
[EventDate "2019.??.??"]
[WhiteTeam "SG Glückstadt von 1920"]
[BlackTeam "Husumer SV von 1898"]

1. e4 e6 2. d4 b6 3. Nf3 Bb7 4. Bd3 Nf6 5. Bg5 Be7 6. Qe2 d5 7. e5 Ne4 8. Bxe7
Qxe7 9. O-O c5 10. c3 Nd7 11. Nbd2 Nxd2 12. Qxd2 O-O-O 13. Bb5 f5 14. Qg5 Qf8
15. Bxd7+ Rxd7 16. Qe3 f4 17. Qe2 c4 18. Nd2 Rc7 19. b3 Ba6 20. a4 Kb7 21. b4
Kb8 22. b5 Bb7 23. a5 h5 24. axb6 axb6 25. Nf3 Qd8 26. h4 Rh6 27. Ng5 Qf8 28.
f3 Qf5 29. Rfd1 Rg6 30. Qa2 Rxg5 31. hxg5 h4 32. Qa7+ Kc8 33. Qxb6 h3 34. Ra2
hxg2 35. Rda1 Kd8 36. Ra8+ Bc8 37. Rxc8+ Kxc8 38. Ra8+ Kd7 39. Qd6# 1-0

[Event "Kieler Open 2019-A"]
[Site "Kiel"]
[Date "2019.08.01"]
[Round "8.16"]
[White "Rouditser, Benjamin"]
[Black "Jurkic, Bosiljko"]
[Result "0-1"]
[WhiteElo "1815"]
[BlackElo "2046"]
[Annotator "PS"]
[PlyCount "160"]
[EventDate "2019.??.??"]
[WhiteTeam "Lasker Steglitz"]
[BlackTeam "SC Blauer Turm Bad Wimpfen"]

1. d4 Nf6 2. c4 e6 3. Nc3 d5 4. cxd5 Nxd5 5. e4 Nxc3 6. bxc3 c5 7. Nf3 cxd4 8.
cxd4 Bb4+ 9. Bd2 Bxd2+ 10. Qxd2 O-O 11. Bc4 Nc6 12. O-O Na5 13. Bd3 b6 14. Rad1
Bb7 15. Qf4 Rc8 16. d5 exd5 17. e5 g6 18. Qh6 f5 19. exf6 Qxf6 20. Ng5 Rc7 21.
Rde1 Bc8 22. Re3 Qg7 23. Qh4 Nc4 24. Re6 Ne5 25. Qd4 Nf3+ 26. Nxf3 Bxe6 27. Ne5
Rfc8 28. Ba6 Re8 29. Qf4 Bc8 30. Bxc8 Qxe5 31. Qxe5 Rxe5 32. f4 Re2 33. Bg4 Rd2
34. a4 Rcc2 35. Bf3 Ra2 36. h4 Rxa4 37. h5 Kg7 38. hxg6 hxg6 39. Bg4 Raa2 40.
Bh3 Kf6 41. Re1 d4 42. g4 Ra3 43. g5+ Kg7 44. Bd7 Rg3+ 45. Kh1 Re3 46. Rc1 d3
47. Bg4 Rc2 48. Ra1 Re7 49. f5 Rec7 50. f6+ Kf8 51. Ra3 R2c3 52. Ra2 b5 53. Ra5
d2 54. Rxb5 Rc1+ 55. Kg2 d1=Q 56. Bxd1 Rxd1 57. Kf3 Kf7 58. Rb8 Rf1+ 59. Ke4
Rf5 60. Rh8 Rfc5 61. Kf4 Rc4+ 62. Ke5 R7c5+ 63. Kd6 Rxg5 64. Rh7+ Kxf6 65. Rxa7
Rg1 66. Kd5 Rcc1 67. Ra6+ Kf5 68. Kd6 Rce1 69. Ra8 Rgf1 70. Kd5 Kf4 71. Kd4 g5
72. Kd3 Kg3 73. Kd2 g4 74. Ra3+ Kh2 75. Ra4 g3 76. Rh4+ Kg1 77. Rg4 g2 78. Rg8
Re7 79. Rh8 Rf2+ 80. Kd3 Kf1 0-1

[Event "Kieler Open 2019-A"]
[Site "Kiel"]
[Date "2019.08.01"]
[Round "8.17"]
[White "Köllner, Aaron Noah"]
[Black "Barten, Ralf"]
[Result "1-0"]
[WhiteElo "2044"]
[BlackElo "2035"]
[Annotator "PS"]
[PlyCount "69"]
[EventDate "2019.??.??"]
[WhiteTeam "SG Bochum 1931"]
[BlackTeam "SW Remscheid"]

1. d4 d5 2. Nf3 c6 3. e3 Nf6 4. h3 g6 5. c4 Bg7 6. b4 O-O 7. Bb2 a5 8. b5 Bf5
9. Nbd2 Ne4 10. a4 c5 11. cxd5 Nd7 12. g4 Nxd2 13. Nxd2 Bxg4 14. hxg4 cxd4 15.
Bxd4 Bxd4 16. exd4 Nf6 17. Qf3 Nxd5 18. Bd3 Nb4 19. Nb3 e5 20. Be4 exd4 21. Rd1
Re8 22. Kf1 Rc8 23. Rxd4 Qe7 24. Kg2 Nc2 25. Bxc2 Rxc2 26. Rhd1 Qh4 27. R1d2
Re1 28. Rxc2 Qh1+ 29. Kg3 Rg1+ 30. Kf4 g5+ 31. Ke3 Qh2 32. Ke2 Rb1 33. Rd8+ Kg7
34. Qc3+ f6 35. Rd7+ 1-0

[Event "Kieler Open 2019-A"]
[Site "Kiel"]
[Date "2019.08.01"]
[Round "8.18"]
[White "Friedel, Marcus"]
[Black "Probst, Alexander"]
[Result "1-0"]
[WhiteElo "2162"]
[BlackElo "1969"]
[Annotator "PS"]
[PlyCount "67"]
[EventDate "2019.??.??"]
[WhiteTeam "SK 1926 Ettlingen"]
[BlackTeam "SC Blauer Turm Bad Wimpfen"]

1. c4 e5 2. g3 Nf6 3. Bg2 d5 4. cxd5 Nxd5 5. Nc3 Be6 6. Nf3 Nc6 7. O-O Be7 8.
d4 exd4 9. Nb5 Bf6 10. Nfxd4 Nxd4 11. Nxd4 Bxd4 12. Qxd4 O-O 13. b3 c6 14. Bb2
Qf6 15. Qd2 Qe7 16. e4 Qb4 17. Qc1 Nf6 18. Ba3 Qa5 19. Bxf8 Rxf8 20. Rd1 Qh5
21. f3 Rc8 22. Rd3 Qb5 23. Qd2 h5 24. Rd1 a5 25. Bf1 Qc5+ 26. Qe3 Qa3 27. Qg5
Qb4 28. Qd2 Qc5+ 29. Qf2 Qg5 30. f4 Qg4 31. h3 Nxe4 32. hxg4 Nxf2 33. Kxf2 Bxg4
34. Rd8+ 1-0

[Event "Kieler Open 2019-A"]
[Site "Kiel"]
[Date "2019.08.01"]
[Round "8.19"]
[White "Gombert, Reiner"]
[Black "Petri, Alexander"]
[Result "1/2-1/2"]
[WhiteElo "1918"]
[BlackElo "2146"]
[Annotator "PS"]
[PlyCount "169"]
[EventDate "2019.??.??"]
[WhiteTeam "Schleswiger SV von 1919"]
[BlackTeam "SK Doppelbauer Kiel"]

1. e4 c6 2. d4 d5 3. Nd2 dxe4 4. Nxe4 Bf5 5. Nc5 b6 6. Nb3 e6 7. Nf3 Nf6 8. g3
Nbd7 9. Bg2 Rc8 10. O-O Be7 11. c3 O-O 12. Qe2 Nd5 13. Rd1 b5 14. Ne5 Nxe5 15.
dxe5 Qb6 16. Nd4 Bg6 17. Bd2 a6 18. Be4 Bxe4 19. Qxe4 Bc5 20. Kg2 Rfd8 21. Be1
h6 22. Ne2 Rd7 23. Nf4 Rcd8 24. Nxd5 cxd5 25. Qe2 Qc6 26. Qf3 Qc7 27. Qe2 d4
28. cxd4 Bxd4 29. f4 Qb7+ 30. Kh3 b4 31. Rd2 g5 32. Rad1 a5 33. Bf2 Qa7 34.
Bxd4 Rxd4 35. Rxd4 Rxd4 36. Qe3 Rd7 37. Qxa7 Rxa7 38. fxg5 Rc7 39. Rd2 Rc5 40.
Re2 hxg5 41. Kg4 Kg7 42. Kxg5 f6+ 43. Kf4 fxe5+ 44. Ke4 Kf6 45. Rf2+ Kg5 46. h3
a4 47. Rd2 Kf6 48. Ke3 Kg5 49. Kf3 a3 50. bxa3 Rc3+ 51. Ke4 Rxa3 52. Rg2 Kf6
53. h4 b3 54. axb3 Rxb3 55. Rf2+ Kg6 56. g4 Rb4+ 57. Kf3 Rb3+ 58. Kg2 Rb4 59.
Kg3 e4 60. Rf4 e5 61. Rf5 Rb3+ 62. Kf2 Rb2+ 63. Ke3 Rg2 64. Rg5+ Kf6 65. Kxe4
Re2+ 66. Kf3 Rh2 67. Rh5 Rh1 68. Rh6+ Kg7 69. g5 Re1 70. Re6 Kf7 71. Rf6+ Kg7
72. Kg4 Re4+ 73. Kh5 Ra4 74. Rb6 Kf7 75. g6+ Kg7 76. Kg5 e4 77. Rb7+ Kf8 78.
Rf7+ Kg8 79. Kh6 e3 80. h5 Re4 81. Rf1 e2 82. Re1 Re5 83. g7 Re6+ 84. Kg5 Kxg7
85. Kf4 1/2-1/2